[Event "ICS rated bullet match"]
[Site "204.178.125.65"]
[Date "2001.01.27"]
[Round "?"]
[White "BountyHunter"]
[Black "Hossa"]
[Result "1-0"]
[WhiteElo "2837"]
[BlackElo "2509"]
[PlyCount "75"]
[EventDate "2001.??.??"]

1. d4 Nf6 2. c4 g6 3. Nc3 Bg7 4. e4 d6 5. Nf3 O-O 6. Be2 Nbd7 7. O-O e5 8. Re1
exd4 9. Nxd4 Re8 10. f3 Nb6 11. Be3 Re7 12. Qd2 c6 13. c5 Nbd7 14. cxd6 Re8 15.
Red1 Nb6 16. Nb3 Kh8 17. Bg5 Rb8 18. Qe3 Be6 19. e5 Bxb3 20. axb3 Qd7 21. exf6
Rxe3 22. fxg7+ Kxg7 23. Bxe3 Nc8 24. Ne4 a6 25. Nc5 Qd8 26. d7 Ne7 27. Bf4 Ra8
28. Be5+ Kh6 29. Bf6 Rb8 30. Ra4 g5 31. Rd6 Qc7 32. Bxe7+ Kg7 33. Bf6+ Kg6 34.
Bd3+ Kh5 35. Rdd4 Qg3 36. hxg3 g4 37. Rxg4 Rd8 38. Rh4# {Hossa checkmated} 1-0

[Event "ICS rated standard match"]
[Site "204.178.125.65"]
[Date "2001.01.27"]
[Round "?"]
[White "Hossa"]
[Black "Colossus"]
[Result "0-1"]
[WhiteElo "2322"]
[BlackElo "2465"]
[PlyCount "74"]
[EventDate "2001.??.??"]

1. e4 e5 2. f4 exf4 3. Nf3 d6 4. d4 g5 5. Bc4 h6 6. O-O Bg7 7. c3 Nc6 8. Qa4 g4
9. Ne1 Bd7 10. Qb3 Qe7 11. Qxb7 Rb8 12. Qxc7 Rc8 13. Qb7 Na5 14. Bxf7+ Qxf7 15.
Qa6 Nc6 16. Bxf4 Qe7 17. Nd2 Nf6 18. d5 Ne5 19. Bxe5 dxe5 20. Qxa7 h5 21. Qb6
O-O 22. Nd3 Bh6 23. Nb3 Rb8 24. Qc7 Be3+ 25. Kh1 Nxe4 26. Qxe5 Rxf1+ 27. Rxf1
Rf8 28. Re1 Qh4 29. g3 Qh3 30. Nd2 Bxd2 31. Nf4 Nxg3+ 32. Kg1 Bxf4 33. Qxf4
Rxf4 34. hxg3 Qxg3+ 35. Kh1 Qxe1+ 36. Kh2 Rf1 37. b3 Qf2# {Hossa checkmated}
0-1

[Event "ICS rated standard match"]
[Site "204.178.125.65"]
[Date "2001.01.27"]
[Round "?"]
[White "Colossus"]
[Black "Hossa"]
[Result "1-0"]
[WhiteElo "2475"]
[BlackElo "2312"]
[PlyCount "131"]
[EventDate "2001.??.??"]

1. Nf3 Nf6 2. Nc3 d5 3. e3 e6 4. d4 Bd6 5. Bd3 Nbd7 6. O-O O-O 7. e4 dxe4 8.
Nxe4 Nxe4 9. Bxe4 Nf6 10. Bd3 b6 11. Qe2 Bb7 12. Ne5 Be7 13. c3 Qd5 14. f3 c5
15. Bc4 Qd6 16. Bf4 Nh5 17. Be3 cxd4 18. cxd4 Nf6 19. Bf2 Rac8 20. Rac1 Nd5 21.
Bg3 Qd8 22. f4 Nb4 23. a3 Nc6 24. Nxc6 Rxc6 25. f5 b5 26. Bxb5 Rxc1 27. Rxc1 a6
28. Bc6 Bxc6 29. Rxc6 Qxd4+ 30. Bf2 Qd5 31. Qxa6 Qxf5 32. Qf1 Qe5 33. b4 Re8
34. Qe1 Qb2 35. Ra6 Bg5 36. b5 Qc2 37. b6 Bf4 38. Ra7 Rd8 39. g3 Bb8 40. Ra8
Qc6 41. Qd2 Qe8 42. Qb4 Bxg3 43. Rxd8 Bxf2+ 44. Kxf2 Qxd8 45. b7 Qb8 46. Kf3 g5
47. a4 f5 48. a5 g4+ 49. Kg2 f4 50. a6 f3+ 51. Kf1 Kf7 52. Qxg4 Qc7 53. Qh5+
Kg7 54. Qxf3 Qb6 55. Qg3+ Kh6 56. b8=Q Qxa6+ 57. Kg1 Qa1+ 58. Kg2 Qf6 59. Qh3+
Kg7 60. Qc7+ Kf8 61. Qa3+ Kg8 62. Qa8+ Qf8 63. Qg3+ Kf7 64. Qf4+ Kg6 65. Qaxf8
e5 66. Q8f7# {Hossa checkmated} 1-0

[Event "ICS rated blitz match"]
[Site "204.178.125.65"]
[Date "2001.01.27"]
[Round "?"]
[White "Hossa"]
[Black "TacticalFish"]
[Result "1-0"]
[WhiteElo "2582"]
[BlackElo "1909"]
[PlyCount "127"]
[EventDate "2001.??.??"]

1. d4 Nf6 2. Nf3 d5 3. c4 e6 4. Nc3 Be7 5. Bg5 h6 6. Bxf6 Bxf6 7. e3 O-O 8.
cxd5 exd5 9. Bd3 c5 10. dxc5 Be6 11. Qc2 Na6 12. Bxa6 bxa6 13. O-O Qa5 14. Ne2
Rac8 15. Rfc1 Be7 16. c6 Rc7 17. Nf4 Rfc8 18. Nd4 Bf6 19. Nfxe6 fxe6 20. Qg6
Bxd4 21. Qxe6+ Kh8 22. exd4 Qb6 23. Qxd5 Rxc6 24. Rxc6 Qxc6 25. Qxc6 Rxc6 26.
d5 Rd6 27. Rd1 g5 28. f3 Kg7 29. g3 Kf6 30. f4 gxf4 31. gxf4 Kf5 32. Rd4 Rb6
33. b3 Kf6 34. Kg2 Ke7 35. Kf3 Kd6 36. Ke4 Rb8 37. Ra4 Re8+ 38. Kd4 Re2 39.
Rxa6+ Kd7 40. Rxa7+ Kd6 41. Ra6+ Kd7 42. Rxh6 Rxa2 43. h4 Rb2 44. Kc3 Rf2 45.
Rf6 Rh2 46. Kd4 Rxh4 47. Kc5 Rh1 48. Rd6+ Kc7 49. Re6 Rc1+ 50. Kd4 Rf1 51. Rc6+
Kd7 52. Ke5 Re1+ 53. Kf5 Rb1 54. Rc3 Kd6 55. Rd3 Rh1 56. b4 Rh5+ 57. Ke4 Rh1
58. Rd4 Rb1 59. Kf5 Rh1 60. Kg5 Rg1+ 61. Kf6 Rg2 62. Kf7 Rg3 63. f5 Rg4 64.
Rxg4 {TacticalFish resigns} 1-0

[Event "ICS rated standard match"]
[Site "204.178.125.65"]
[Date "2001.01.27"]
[Round "?"]
[White "Hossa"]
[Black "MM3Quick"]
[Result "1-0"]
[WhiteElo "2303"]
[BlackElo "1984"]
[PlyCount "77"]
[EventDate "2001.??.??"]

1. d4 c6 2. c4 d6 3. Nf3 Bg4 4. e4 Qc7 5. Bd3 e5 6. dxe5 dxe5 7. O-O Nf6 8. Be3
Nbd7 9. h3 Bh5 10. Nc3 Bc5 11. Bxc5 Nxc5 12. b4 Ne6 13. Be2 Rd8 14. Qa4 b6 15.
Nd5 Qb7 16. Nxf6+ gxf6 17. Rfd1 O-O 18. Qc2 Bxf3 19. Bxf3 Rxd1+ 20. Rxd1 Nd4
21. Qd2 Kg7 22. Bg4 Qe7 23. Qc3 c5 24. b5 Rd8 25. Qg3 Kh8 26. Qh4 Rg8 27. Qh6
Rg6 28. Qe3 Qf8 29. g3 Qh6 30. Qa3 Kg7 31. Qxa7 Rxg4 32. hxg4 Qh3 33. Rxd4 exd4
34. Qxb6 Qxg4 35. e5 fxe5 36. Qxc5 Qe4 37. Qd5 Qxd5 38. cxd5 d3 39. Kf1 {
MM3Quick resigns} 1-0

[Event "ICS rated blitz match"]
[Site "204.178.125.65"]
[Date "2001.01.27"]
[Round "?"]
[White "Hossa"]
[Black "PostModernist"]
[Result "1-0"]
[WhiteElo "2584"]
[BlackElo "2593"]
[PlyCount "163"]
[EventDate "2001.??.??"]

1. d4 d5 2. c4 c6 3. Nf3 dxc4 4. e3 Be6 5. a4 Nf6 6. Na3 c5 7. Nxc4 Nc6 8. Nce5
cxd4 9. exd4 Nxe5 10. Nxe5 Qa5+ 11. Bd2 Qd5 12. Bb5+ Bd7 13. Nxd7 Nxd7 14. O-O
a6 15. Bxd7+ Qxd7 16. Bc3 e6 17. Qg4 h5 18. Qg5 Qd5 19. Qxd5 exd5 20. Rae1+ Kd7
21. Re5 f6 22. Rxd5+ Ke6 23. Ra5 g6 24. Re1+ Kd7 25. Rd5+ Kc6 26. Rg5 fxg5 27.
d5+ Kxd5 28. Bxh8 Bb4 29. Re5+ Kd6 30. Re4 Rxh8 31. Rxb4 Rc8 32. h4 gxh4 33.
Rxb7 Kd5 34. Rb6 Rc6 35. Rb8 Kc4 36. a5 g5 37. Rb6 Kd5 38. Rb7 Rh6 39. b4 g4
40. b5 axb5 41. Rxb5+ Kc4 42. Rb6 Rh7 43. a6 Rh8 44. a7 Ra8 45. Ra6 Kd4 46. f4
Ke4 47. Ra4+ Kf5 48. Kf2 Kf6 49. Ra5 Kg6 50. Kf1 Kf6 51. Kg1 Ke6 52. Kh2 Kf6
53. Kh1 Kg6 54. Kg1 Kf6 55. Kh2 Ke6 56. Kg1 Kf6 57. Kf1 Kg6 58. Kf2 Kf6 59. Ke3
h3 60. gxh3 gxh3 61. Kf2 h2 62. Kg2 h1=R 63. Kxh1 Ke6 64. Kg2 Kd6 65. Kg3 Kc6
66. Rxh5 Rxa7 67. Rh6+ Kd5 68. Kg4 Rg7+ 69. Kf5 Rg8 70. Rg6 Ra8 71. Kg5 Ra5 72.
f5 Ra1 73. Rb6 Rg1+ 74. Kh6 Ke5 75. f6 Rh1+ 76. Kg7 Rg1+ 77. Kf8 Rg6 78. Ke7
Rh6 79. Rb5+ Kd4 80. f7 Rh7 81. Rf5 Kc3 82. Ke6 {PostModernist resigns} 1-0

[Event "ICS rated blitz match"]
[Site "204.178.125.65"]
[Date "2001.01.27"]
[Round "?"]
[White "Hossa"]
[Black "Valg"]
[Result "1-0"]
[WhiteElo "2600"]
[BlackElo "2686"]
[PlyCount "265"]
[EventDate "2001.??.??"]

1. d4 Nf6 2. c4 e6 3. g3 d5 4. Bg2 Be7 5. Nf3 O-O 6. O-O dxc4 7. Qc2 a6 8. Qxc4
b5 9. Qc2 Bb7 10. Bf4 Nc6 11. Rd1 Nb4 12. Qc1 Rc8 13. Nc3 Nbd5 14. Ne5 Nxc3 15.
Qxc3 Nd5 16. Qe1 Bd6 17. Bd2 c5 18. e4 Nb4 19. Bxb4 cxb4 20. Rac1 Rxc1 21. Rxc1
Bxe5 22. dxe5 Qd4 23. Rc7 Ba8 24. Qb1 Qxe5 25. Qc2 f5 26. Rc8 Bxe4 27. Bxe4
fxe4 28. Rxf8+ Kxf8 29. Qc8+ Kf7 30. Qxa6 Qxb2 31. Qxb5 Qa1+ 32. Kg2 Qxa2 33.
Qb7+ Kf6 34. Qxb4 Qd5 35. Qf8+ Kg6 36. Qe8+ Kh6 37. Kg1 Qd1+ 38. Kg2 Qd5 39.
Kg1 Qd1+ 40. Kg2 Qf3+ 41. Kg1 Qg4 42. Qd7 Qf5 43. Qe8 g5 44. Qg8 e5 45. Qe8 g4
46. Qe7 e3 47. fxe3 Qb1+ 48. Kf2 Qf5+ 49. Ke1 e4 50. Qd6+ Kg5 51. Qd8+ Kg6 52.
Qg8+ Kh6 53. Qa8 Qe6 54. Qf8+ Kg6 55. Qb8 h6 56. Qd8 h5 57. Qa8 Kg7 58. Qb7+
Kg6 59. Qb8 Qf7 60. Qa8 Kf5 61. Qc6 Qe6 62. Qb7 Kg6 63. Qb8 Qf7 64. Qa8 Qf3 65.
Qg8+ Kf5 66. Qf7+ Kg5 67. Qg7+ Kf5 68. Qd7+ Kg6 69. Qe6+ Kh7 70. Qe7+ Kh6 71.
Qd6+ Kg5 72. Qe7+ Kf5 73. Qc5+ Kg6 74. Qc6+ Kg5 75. Qc5+ Qf5 76. Qe7+ Kg6 77.
Qe8+ Kg7 78. Qd8 Qe5 79. Qd4 Kf6 80. Qd8+ Kf7 81. Qc8 Qa5+ 82. Kf1 Qd5 83. Ke1
Qa5+ 84. Kf1 Qa1+ 85. Kf2 Qa2+ 86. Kf1 Qd5 87. Ke1 Kg7 88. Qc7+ Kg6 89. Qb6+
Kg5 90. Qc7 Kf6 91. Qb6+ Kf5 92. Qc7 Kf6 93. Qb6+ Qe6 94. Qb8 Kg6 95. Qd8 Qe5
96. Qg8+ Kh6 97. Qf8+ Kh7 98. Qf7+ Kh8 99. Kd1 Qd6+ 100. Ke1 Qb4+ 101. Kf1 Qb1+
102. Kg2 Qc2+ 103. Kg1 Qd1+ 104. Qf1 Qxf1+ 105. Kxf1 Kg7 106. Ke2 Kf6 107. Kd2
Ke5 108. Kc3 Kd5 109. Kb4 Kd6 110. Kc4 Ke5 111. Kc5 Ke6 112. Kd4 Kf5 113. Kd5
Kg6 114. Kxe4 Kg5 115. Ke5 Kg6 116. e4 Kg5 117. Kd6 h4 118. e5 hxg3 119. hxg3
Kg6 120. e6 Kf6 121. e7 Kf7 122. Kd7 Kf6 123. Kd8 Ke5 124. Kc7 Ke4 125. Kd6 Kf3
126. e8=Q Kf2 127. Qe4 Kf1 128. Ke5 Kf2 129. Kf4 Kf1 130. Qc2 Kg1 131. Kxg4 Kh1
132. Kh3 Kg1 133. Qg2# {Valg checkmated} 1-0

[Event "ICS rated blitz match"]
[Site "204.178.125.65"]
[Date "2001.01.27"]
[Round "?"]
[White "PostModernist"]
[Black "Hossa"]
[Result "1/2-1/2"]
[WhiteElo "2577"]
[BlackElo "2620"]
[PlyCount "197"]
[EventDate "2001.??.??"]

1. d4 Nf6 2. c4 g6 3. Nf3 Bg7 4. Nc3 d5 5. cxd5 Nxd5 6. g3 Nc6 7. Bg2 Nb6 8. e3
O-O 9. O-O a6 10. b3 Re8 11. Bb2 Rb8 12. Re1 Bf6 13. Qe2 Bf5 14. Red1 Qc8 15.
d5 Ne5 16. Nxe5 Bxe5 17. Na4 Bg4 18. f3 Bxb2 19. Nxb6 cxb6 20. Qxb2 Bh3 21.
Rac1 Qd7 22. Qd4 Bxg2 23. Kxg2 Rbc8 24. e4 b5 25. b4 Rc7 26. Rc5 b6 27. Rxc7
Qxc7 28. e5 Rc8 29. d6 Qd7 30. Qxb6 Rc2+ 31. Kh1 Qh3 32. Qg1 Qd7 33. a3 Re2 34.
dxe7 Qxe7 35. Qc5 Qxc5 36. bxc5 Rc2 37. Rd8+ Kg7 38. Rc8 Rc3 39. c6 Rxa3 40.
Ra8 Rc3 41. Rxa6 Rxf3 42. c7 Rc3 43. Ra7 Kh6 44. Rb7 Kg5 45. e6 fxe6 46. Rxb5+
Kf6 47. Rb7 Rc2 48. Kg1 Ke5 49. c8=R Rxc8 50. Rxh7 Rf8 51. Rh4 Kd5 52. Rb4 Rf6
53. Rb6 Rf5 54. h4 Rf3 55. Kg2 Rf7 56. g4 Rg7 57. Kf3 Rh7 58. h5 gxh5 59. Rb5+
Kc6 60. Rxh5 Rf7+ 61. Ke4 Rf1 62. Ra5 Re1+ 63. Kf3 Rg1 64. g5 Kd6 65. Kf2 Rg4
66. Ke3 e5 67. Ra6+ Kd5 68. Rg6 Re4+ 69. Kf3 Rf4+ 70. Kg3 Rf1 71. Rg8 Ke4 72.
g6 Ke3 73. Kh2 Rf5 74. Kh3 Rg5 75. Kh4 Rg1 76. Kh5 Kf3 77. Rf8+ Ke3 78. Rf5 Ke4
79. Rf7 Kd3 80. Rd7+ Ke4 81. Re7 Kf5 82. Rf7+ Ke6 83. Kh6 e4 84. Kg7 Rg4 85.
Rf2 e3 86. Rb2 Rg3 87. Re2 Ke7 88. Re1 Ke6 89. Re2 Ke7 90. Ra2 Rg5 91. Kh7 Kf6
92. Ra6+ Ke7 93. g7 e2 94. Ra1 Kf7 95. Ra7+ Kf6 96. Ra6+ Kf7 97. Ra7+ Kf6 98.
Ra6+ Kf7 99. Ra7+ {Game drawn by repetition} 1/2-1/2

[Event "ICS rated blitz match"]
[Site "204.178.125.65"]
[Date "2001.01.27"]
[Round "?"]
[White "Hossa"]
[Black "krahs2"]
[Result "1-0"]
[WhiteElo "2618"]
[BlackElo "1925"]
[PlyCount "51"]
[EventDate "2001.??.??"]

1. d4 Nf6 2. Nf3 g6 3. g3 Bg7 4. Bg2 O-O 5. O-O d6 6. c4 Nbd7 7. b3 e5 8. dxe5
Nxe5 9. Nxe5 dxe5 10. Ba3 Qxd1 11. Rxd1 Re8 12. Nc3 c6 13. Rd2 Bg4 14. h3 Be6
15. Rad1 a5 16. Bd6 Nd7 17. Bc7 Bf8 18. Rxd7 Bxd7 19. Rxd7 Bg7 20. Ne4 a4 21.
b4 a3 22. Nd6 Rf8 23. Nxb7 Ra7 24. Bxc6 e4 25. Bxe4 Bc3 26. b5 {krahs2 resigns}
1-0

[Event "ICS rated standard match"]
[Site "204.178.125.65"]
[Date "2001.01.27"]
[Round "?"]
[White "Hossa"]
[Black "alkhateeb"]
[Result "0-1"]
[WhiteElo "2307"]
[BlackElo "2226"]
[PlyCount "54"]
[EventDate "2001.??.??"]

1. d4 Nf6 2. Bg5 c5 3. dxc5 Qa5+ 4. Nd2 Qxc5 5. Ngf3 Nc6 6. Nb3 Qb6 7. e3 d6 8.
Bd3 a6 9. O-O Bd7 10. c3 e6 11. Qc2 Be7 12. Bxf6 Bxf6 13. Bxh7 g6 14. Bxg6 fxg6
15. Qxg6+ Ke7 16. Rfd1 Rag8 17. Qd3 Ne5 18. Nxe5 Bxe5 19. g3 Bc6 20. f3 Bxf3
21. Rd2 d5 22. c4 Be4 23. c5 Qc7 24. Qxe4 dxe4 25. Rad1 Bxg3 26. Rd7+ Qxd7 27.
Rxd7+ Kxd7 {Hossa resigns} 0-1

[Event "ICS rated standard match"]
[Site "204.178.125.65"]
[Date "2001.01.27"]
[Round "?"]
[White "alkhateeb"]
[Black "Hossa"]
[Result "0-1"]
[WhiteElo "2246"]
[BlackElo "2287"]
[PlyCount "50"]
[EventDate "2001.??.??"]

1. d4 Nf6 2. Nf3 e6 3. Bg5 c5 4. e3 Qb6 5. Qc1 Ne4 6. Bf4 cxd4 7. exd4 d5 8. c3
f6 9. Bg3 Nc6 10. Bd3 Nxg3 11. hxg3 Ne7 12. Nbd2 Bd7 13. Qc2 g6 14. g4 g5 15.
Rxh7 Rxh7 16. Bxh7 O-O-O 17. O-O-O Qc7 18. g3 Kb8 19. Kb1 Bg7 20. Re1 Rc8 21.
Nb3 e5 22. Bf5 Nxf5 23. gxf5 e4 24. Nc5 exf3 25. Re7 Bxf5 {alkhateeb resigns}
0-1

[Event "ICS Rated blitz match"]
[Site "204.178.125.65"]
[Date "2001.01.27"]
[Round "?"]
[White "Hossa"]
[Black "PostModernist"]
[Result "0-1"]
[WhiteElo "2619"]
[BlackElo "2577"]
[PlyCount "74"]
[EventDate "2001.??.??"]

1. d4 Nf6 2. Nf3 g6 3. g3 Bg7 4. Bg2 O-O 5. O-O d6 6. c4 Nc6 7. d5 Na5 8. Na3
c5 9. Bf4 b6 10. Qc1 Ba6 11. Bd2 Rb8 12. Ng5 Nb7 13. Bc3 Qd7 14. Bh3 Qe8 15.
Qc2 h6 16. Ne4 e5 17. dxe6 fxe6 18. Nxf6+ Bxf6 19. Bxe6+ Qxe6 20. Qxg6+ Kh8 21.
Qxh6+ Kg8 22. Qg6+ Kh8 23. b3 Rbe8 24. Nb1 Re7 25. a4 Na5 26. Ra3 Bb7 27. Qh6+
Kg8 28. Bxa5 Qe4 29. f3 Bd4+ 30. Rf2 Bxf2+ 31. Kg2 Qxe2 32. Qg6+ Rg7 33. Qe6+
Qxe6 34. b4 Qe1 35. Bxb6 Qg1+ 36. Kh3 Bc8+ 37. Kh4 Qxh2# {Hossa checkmated} 0-1

[Event "ICS rated blitz match"]
[Site "204.178.125.65"]
[Date "2001.01.27"]
[Round "?"]
[White "krahs2"]
[Black "Hossa"]
[Result "0-1"]
[WhiteElo "1940"]
[BlackElo "2601"]
[PlyCount "48"]
[EventDate "2001.??.??"]

1. Nf3 d5 2. g3 Bg4 3. Bg2 Nd7 4. O-O e5 5. d3 Bc5 6. Nbd2 Ne7 7. b3 O-O 8. c4
c6 9. cxd5 cxd5 10. Bb2 Nc6 11. a3 Rc8 12. Rc1 Bd6 13. Rc2 Qf6 14. Qa1 Qe6 15.
Rfc1 f6 16. b4 Bh3 17. Bxh3 Qxh3 18. b5 Ne7 19. Rxc8 Nxc8 20. Rxc8 Rxc8 21. Qa2
Nb6 22. a4 Qg4 23. a5 Qa4 24. Qxa4 Nxa4 {krahs2 resigns} 0-1

[Event "ICS rated blitz match"]
[Site "204.178.125.65"]
[Date "2001.01.27"]
[Round "?"]
[White "Hossa"]
[Black "monsoon"]
[Result "0-1"]
[WhiteElo "2602"]
[BlackElo "2566"]
[PlyCount "122"]
[EventDate "2001.??.??"]

1. e4 c5 2. Nc3 Nc6 3. Nf3 d6 4. d4 cxd4 5. Nxd4 Nf6 6. Bg5 e6 7. Bb5 Bd7 8.
O-O Be7 9. Nb3 a6 10. Bd3 O-O 11. Qe2 e5 12. Bxf6 Bxf6 13. Nd5 g6 14. Rad1 Bg7
15. c3 Qh4 16. Nd2 Rad8 17. Nf3 Qh5 18. Bc4 Bg4 19. Rd3 Kh8 20. h3 Be6 21. Nb6
Rfe8 22. Rfd1 Bf8 23. Bxe6 Rxe6 24. Nd5 Bg7 25. g4 Qh6 26. g5 Qh5 27. Qf1 f5
28. Re1 Ree8 29. Qg2 Rg8 30. Nc7 Rd7 31. Ne6 Nd8 32. Nc5 Rc7 33. Nb3 Ne6 34.
Rxd6 Nf4 35. Qg3 Nxh3+ 36. Kf1 Nf4 37. Nh2 Rf7 38. Nc5 Rc8 39. Nd7 fxe4 40.
Rxe4 Rf5 41. Nf6 Bxf6 42. gxf6 Rg5 43. Qf3 Qxh2 44. Ke1 Rg2 45. Rxf4 exf4 46.
f7 g5 47. Rf6 Rf8 48. Kf1 Qg1+ 49. Ke2 Kg7 50. Rf5 Kg6 51. Rd5 Rxf7 52. Qd3+
Kg7 53. Qd4+ Kh6 54. Re5 Rd7 55. Qb6+ Kh5 56. Qh6+ Kxh6 57. Re6+ Kh5 58. Kf3
Rxf2+ 59. Ke4 Re2+ 60. Kf5 Qg4+ 61. Kf6 Rxe6# {Hossa checkmated} 0-1

[Event "ICS rated standard match"]
[Site "204.178.125.65"]
[Date "2001.01.27"]
[Round "?"]
[White "Hossa"]
[Black "PostModernist"]
[Result "1/2-1/2"]
[WhiteElo "2301"]
[BlackElo "2378"]
[PlyCount "106"]
[EventDate "2001.??.??"]

1. e4 e6 2. d4 d5 3. Nd2 c5 4. exd5 exd5 5. Ngf3 Nc6 6. Bb5 Bd6 7. dxc5 Bxc5 8.
Nb3 Bd6 9. Bg5 Nge7 10. O-O O-O 11. Re1 Bg4 12. h3 Bh5 13. c3 Qc7 14. Qd3 f6
15. Bh4 Rfe8 16. Nfd4 Bg6 17. Ne6 Bh2+ 18. Kh1 Qd6 19. Bg3 Ne5 20. Bxe5 Bxe5
21. Qf1 Rec8 22. Ned4 Nc6 23. Bxc6 bxc6 24. f4 Bxf4 25. Re6 Qc7 26. Rxc6 Qe5
27. Re1 Be4 28. Re6 Qb8 29. Nc6 Rxc6 30. Rxc6 Qe8 31. Rc4 Bd6 32. Rcxe4 dxe4
33. Qc4+ Qf7 34. Qxf7+ Kxf7 35. Rxe4 Be5 36. Kg1 Re8 37. Kf2 f5 38. Ra4 Re7 39.
Kf3 g5 40. Nd4 Bxd4 41. Rxd4 f4 42. Kg4 h6 43. Ra4 Re2 44. Rxa7+ Ke6 45. g3 Rg2
46. Kh5 Rxg3 47. Kxh6 f3 48. Ra8 Kf7 49. Ra5 Kf6 50. Ra6+ Kf7 51. Ra5 Kf6 52.
Ra6+ Kf7 53. Ra5 Kf6 {Game drawn by repetition} 1/2-1/2

[Event "ICS rated blitz match"]
[Site "204.178.125.65"]
[Date "2001.01.27"]
[Round "?"]
[White "Hossa"]
[Black "lambChop"]
[Result "1-0"]
[WhiteElo "2601"]
[BlackElo "2589"]
[PlyCount "52"]
[EventDate "2001.??.??"]

1. e4 c6 2. d4 d5 3. Nd2 dxe4 4. Nxe4 Nd7 5. Bc4 Ngf6 6. Ng5 e6 7. Qe2 Nb6 8.
Bd3 h6 9. Ne4 Qxd4 10. Nf3 Qd8 11. Bd2 Nbd5 12. O-O-O Nxe4 13. Bxe4 Bd6 14. g4
O-O 15. Kb1 f5 16. gxf5 exf5 17. Bxd5+ cxd5 18. Rhg1 g5 19. Nxg5 hxg5 20. Qh5
Be5 21. Bxg5 Qxg5 22. Qxg5+ Kf7 23. Rde1 Be6 24. Rxe5 Rg8 25. Rxf5+ Bxf5 26.
Qxf5+ Ke7 {lambChop resigns} 1-0

[Event "ICS rated blitz match"]
[Site "204.178.125.65"]
[Date "2001.01.27"]
[Round "?"]
[White "QueenMaxima"]
[Black "Hossa"]
[Result "0-1"]
[WhiteElo "2486"]
[BlackElo "2616"]
[PlyCount "126"]
[EventDate "2001.??.??"]

1. d4 Nf6 2. Bg5 c5 3. Nc3 cxd4 4. Qxd4 Nc6 5. Qh4 e6 6. O-O-O Be7 7. e4 O-O 8.
Nf3 h6 9. Bd2 d5 10. Qg3 Kh8 11. e5 Nd7 12. Bb5 a6 13. Bd3 Nb4 14. Be2 b5 15.
Rhe1 Qc7 16. a3 Nc6 17. Bf4 g5 18. Qh3 Kg7 19. Qg3 b4 20. axb4 Kh8 21. Bd2 d4
22. Ne4 Ndxe5 23. Nxe5 Nxe5 24. Nc5 Ra7 25. Qh3 Kg7 26. f4 Ng6 27. fxg5 hxg5
28. Bh5 Bxc5 29. bxc5 Rh8 30. Bxg5 Qxc5 31. Qg4 e5 32. Qf3 Qd6 33. Rf1 f5 34.
g4 Rf7 35. h4 Bb7 36. Qg3 f4 37. Qd3 Re8 38. c3 Re6 39. cxd4 Bg2 40. Rf2 e4 41.
Qb3 Bf3 42. Re1 Qc7+ 43. Kb1 Rb6 44. Rxf3 Rxb3 45. Rxb3 e3 46. Rc3 Qb6 47. d5
Qb4 48. Rec1 e2 49. Re1 f3 50. Rec1 f2 51. Rc6 Ne5 52. Bh6+ Kh7 53. Bd2 Qxd2
54. R6c2 Qxc2+ 55. Kxc2 Rc7+ 56. Kb3 Rxc1 57. g5 e1=Q 58. g6+ Nxg6 59. Ka4 Ra1+
60. Kb3 f1=Q 61. Bxg6+ Kxg6 62. h5+ Kxh5 63. d6 Qd3# {QueenMaxima checkmated}
0-1

[Event "ICS rated blitz match"]
[Site "204.178.125.65"]
[Date "2001.01.27"]
[Round "?"]
[White "Hossa"]
[Black "ChesterX"]
[Result "0-1"]
[WhiteElo "2626"]
[BlackElo "2768"]
[PlyCount "114"]
[EventDate "2001.??.??"]

1. e4 e6 2. d4 d5 3. Nd2 c5 4. exd5 Qxd5 5. Ngf3 cxd4 6. Bc4 Qd6 7. O-O Nf6 8.
Nb3 Nc6 9. Nbxd4 Nxd4 10. Nxd4 a6 11. Nf3 Qc7 12. Qe2 Be7 13. Rd1 O-O 14. Bg5
b5 15. Bd3 Bb7 16. Rac1 h6 17. Bh4 Rfd8 18. c4 Rac8 19. Ne5 Qc5 20. Rc3 b4 21.
Rcc1 Rd4 22. Bg3 Ne4 23. Bxe4 Rxe4 24. Qh5 g6 25. Qxh6 Rxe5 26. Bxe5 Qxe5 27.
Qe3 Qg5 28. Qh3 Kg7 29. Qg3 e5 30. b3 Qxg3 31. hxg3 Bc5 32. Rd2 Bd4 33. Rcd1
Rh8 34. Rc1 f5 35. Rcd1 Kf6 36. Re1 a5 37. Red1 Be4 38. Re2 Ke6 39. g4 Rh4 40.
Rxd4 exd4 41. f3 d3 42. gxf5+ gxf5 43. Re1 Ke5 44. fxe4 fxe4 45. Kf2 Kd4 46.
Kg3 Rh8 47. Rd1 e3 48. Rg1 e2 49. Re1 d2 50. Rxe2 d1=Q 51. Re7 Qd3+ 52. Kf2
Rf8+ 53. Kg1 Qf1+ 54. Kh2 Rh8+ 55. Kg3 Rg8+ 56. Rg7 Rxg7+ 57. Kh2 Qxg2# {
Hossa checkmated} 0-1

[Event "ICS rated blitz match"]
[Site "204.178.125.65"]
[Date "2001.01.27"]
[Round "?"]
[White "monsoon"]
[Black "Hossa"]
[Result "1-0"]
[WhiteElo "2596"]
[BlackElo "2616"]
[PlyCount "171"]
[EventDate "2001.??.??"]

1. Nf3 d5 2. g3 Bg4 3. Bg2 Nd7 4. c4 e6 5. cxd5 exd5 6. d4 Bb4+ 7. Bd2 Bxd2+ 8.
Nbxd2 Ne7 9. Qb3 b6 10. e4 c6 11. O-O O-O 12. exd5 cxd5 13. Rae1 Rc8 14. Ne5
Be6 15. Qd3 Re8 16. f4 Bf5 17. Qb3 Bc2 18. Qf3 f6 19. Ng4 b5 20. Qa3 Nb6 21.
Ne3 Qd7 22. Rc1 Bf5 23. Rc5 Rxc5 24. dxc5 Nc4 25. Ndxc4 bxc4 26. Nxf5 Nxf5 27.
Rd1 Ne3 28. c6 Qd8 29. Bxd5+ Kh8 30. c7 Qxc7 31. Re1 Qb6 32. Kh1 a6 33. Bg2 Qd4
34. Bc6 Qb6 35. Bf3 g6 36. Qc3 Re7 37. g4 Kg8 38. g5 fxg5 39. fxg5 Qc5 40. Qf6
Qa5 41. Rg1 Rf7 42. Qe6 Qd2 43. Rb1 a5 44. Rg1 Kf8 45. Bc6 Rf2 46. Qe8+ Kg7 47.
Qe5+ Kg8 48. a3 Rf7 49. Qe8+ Rf8 50. Qe6+ Kh8 51. Qe5+ Kg8 52. a4 Qf2 53. h3
Rf5 54. Qe8+ Kg7 55. Be4 Rf7 56. Qe5+ Kg8 57. Ba8 Rf5 58. Qe8+ Rf8 59. Qe6+ Kg7
60. Qe5+ Kg8 61. Qxa5 Qxb2 62. Bd5+ Kh8 63. Qc5 Re8 64. Qc6 Rd8 65. Bf7 Rf8 66.
a5 Qd4 67. Qb7 Qe5 68. a6 Qc5 69. a7 Qa3 70. Qb8 Nf5 71. Kh2 Qa2+ 72. Rg2 Qa3
73. Be8 Nd6 74. a8=Q Qxa8 75. Qxa8 Rxe8 76. Qc6 Rd8 77. Qc7 Rc8 78. Qxd6 Re8
79. Qf6+ Kg8 80. Rf2 Ra8 81. Qe6+ Kh8 82. Qe5+ Kg8 83. Qd5+ Kg7 84. Qb7+ Kg8
85. Qxa8+ Kg7 86. Qf8# {Hossa checkmated} 1-0

[Event "ICS rated standard match"]
[Site "204.178.125.65"]
[Date "2001.01.27"]
[Round "?"]
[White "ChesterX"]
[Black "Hossa"]
[Result "1-0"]
[WhiteElo "2495"]
[BlackElo "2304"]
[PlyCount "115"]
[EventDate "2001.??.??"]

1. c4 e5 2. Nc3 Nf6 3. g3 d5 4. cxd5 Nxd5 5. Bg2 Nb6 6. Nf3 Nc6 7. O-O Be7 8.
d3 h5 9. Be3 h4 10. gxh4 Bg4 11. d4 Nc4 12. Nxe5 N6xe5 13. dxe5 Nxe3 14. fxe3
Qxd1 15. Raxd1 c6 16. Rf4 Be6 17. Ne4 Bxa2 18. Nd6+ Bxd6 19. exd6 Be6 20. Bf3
Rd8 21. Bg4 Rxh4 22. Bxe6 Rxf4 23. exf4 fxe6 24. Kf2 Kd7 25. Kg3 c5 26. e4 a5
27. e5 Rh8 28. Rg1 Rh6 29. Kf3 g6 30. h4 Rxh4 31. Rxg6 Rh3+ 32. Ke4 Rb3 33.
Rg7+ Kc6 34. Rc7+ Kb6 35. Rc8 Rb4+ 36. Kf3 Rd4 37. Kg4 Rd2 38. Kg5 c4 39. Kf6
Kb5 40. Kxe6 a4 41. d7 c3 42. Rxc3 Kb4 43. f5 Rxb2 44. Rd3 Rc2 45. d8=Q Rc6+
46. Ke7 Kb5 47. Qd5+ Kb6 48. Rb3+ axb3 49. Qxb3+ Kc5 50. Qc3+ Kd5 51. Qxc6+ Kd4
52. Qxb7 Kd3 53. Qb3+ Ke4 54. f6 Kd4 55. f7 Ke4 56. f8=Q Kd4 57. Qf4+ Kc5 58.
Qfc4# {Hossa checkmated} 1-0

[Event "ICS rated standard match"]
[Site "204.178.125.65"]
[Date "2001.01.27"]
[Round "?"]
[White "Esen"]
[Black "Hossa"]
[Result "0-1"]
[WhiteElo "1908"]
[BlackElo "2296"]
[PlyCount "78"]
[EventDate "2001.??.??"]

1. d4 Nf6 2. Bf4 g6 3. c3 Bg7 4. Be5 O-O 5. Bxf6 Bxf6 6. e3 d5 7. Nf3 Nc6 8.
Bb5 a6 9. Bxc6 bxc6 10. Nbd2 Bg4 11. b4 e5 12. h3 Bxf3 13. Nxf3 Re8 14. O-O Qe7
15. Re1 Qd7 16. a3 e4 17. Nd2 Be7 18. Nb3 f5 19. Nc5 Bxc5 20. bxc5 Rf8 21. g3
f4 22. Qg4 Qxg4 23. hxg4 fxg3 24. fxg3 Rf3 25. Kg2 Rb8 26. Rab1 Rxb1 27. Rxb1
Rxe3 28. Rb7 Rxc3 29. Rxc7 Rxa3 30. Rxc6 Ra4 31. Rb6 Rxd4 32. Rxa6 Rc4 33. c6
d4 34. Ra8+ Kf7 35. Ra7+ Ke6 36. c7 Kd7 37. c8=Q+ Kxc8 38. Rxh7 Rc2+ 39. Kf1 d3
{Esen resigns} 0-1

[Event "ICS rated blitz match"]
[Site "204.178.125.65"]
[Date "2001.01.27"]
[Round "?"]
[White "Hossa"]
[Black "MysteryRook"]
[Result "1-0"]
[WhiteElo "2599"]
[BlackElo "2089"]
[PlyCount "75"]
[EventDate "2001.??.??"]

1. Nf3 d6 2. c4 e5 3. Nc3 Nc6 4. d4 e4 5. Nxe4 Bf5 6. Ng3 Bg6 7. Qb3 Qc8 8. d5
Nd8 9. e4 Be7 10. Qa4+ Qd7 11. Qxd7+ Kxd7 12. Bd3 f6 13. O-O Nh6 14. Bxh6 gxh6
15. Rfd1 h5 16. Nd4 Nf7 17. f4 h4 18. Nf1 Nh6 19. Ne3 Rae8 20. Ne6 Bf7 21. f5
Bxe6 22. dxe6+ Kc8 23. Be2 Rhg8 24. Bh5 Ref8 25. Nd5 Kd8 26. c5 Rg5 27. Bf3 Ng4
28. Bxg4 Rxg4 29. Nxc7 Kxc7 30. cxd6+ Bxd6 31. Rac1+ Kb8 32. Rxd6 Rxe4 33. Rd7
Rc8 34. Rxc8+ Kxc8 35. Rf7 Re2 36. Kf1 Rxb2 37. Rf8+ Kc7 38. e7 {
MysteryRook resigns} 1-0